000 00404nam a2200145Ia 4500
005 20250410023219.0
008 240331s9999 xx 000 0 und d
082 _a155
_bROW
100 _aRowbatham,S
245 0 _aAnpulla doctor Marx
260 _aKovai
_bVidiyal Pathippagam
_c1999
300 _a126 p .,
500 _aTamil Translation of Dear Dr. Marx - A letter from A socialist Feminist
942 _cL
999 _c751
_d751